000 00410nam a2200145 i 4500
001 61241
003 ES-MaACL
007 t|
008 031111s1916 xxk ||||1| eng d
100 1 _aEliot, George.
_946995
245 1 0 _aScenes of clerical life /
_cby George Eliot.
260 _aLondon :
_b[s.n.,
_c1916] (
_eLetchworth :
_fThe Temple Press)
300 _aX, 334 p. ;
_c18 cm.
852 _aES-MaACL
_jG-14669
999 _c61241
_d61241